Equipos con un mundial de clubes-¡MUERTE SUBITA! - Estadísticas

Estadísticas generales
  • Esta prueba ha sido intentada 122 veces
    54 desde el último reinicio
  • La puntuación promedio es 10 de 17
Answers on the Grid
Answers color-coded by a green-red scale on the quiz's grid according to % correct below.
Manchester City
Real Madrid
Chelsea
Bayern Munich
Liverpool
Barcelona
Corinthians
Inter Milan
Milan
Manchester United
Internacional P.A
São Paulo
Boca Juniors
Aston Villa
Nottingham forest
PSV
Colo-Colo
Celtic
Benfica
Chelsea
Atl. Nacional
Raja Casablanca
Kashima Antlers
Al Nassr
Hamburgo
Panathinaikos
Malmö
Juventus
Ajax
Estrella Roja
 
Estadísticas de respuestas
Respuesta % Correcto
Milan
89%
Bayern Munich
81%
Real Madrid
78%
Barcelona
74%
Inter Milan
74%
Liverpool
70%
Manchester City
70%
Chelsea
67%
Manchester United
67%
Chelsea
63%
Boca Juniors
59%
Juventus
56%
Ajax
52%
Corinthians
41%
São Paulo
37%
Internacional P.A
15%
Estrella Roja
11%
No se encontraron pruebas coincidentes
Distribución de puntuación
Porcentaje de gente con cada puntuación
Porcentaje por número respondido
Historial de tus puntuaciones
No has intentado esta prueba desde el último reinicio